Burp! : (Record no. 33282)
[ view plain ]
| 000 -LEADER | |
|---|---|
| fixed length control field | 01133cam a22003614a 4500 |
| 001 - CONTROL NUMBER | |
| control field | 12631622 |
| 003 - CONTROL NUMBER IDENTIFIER | |
| control field | ost |
| 005 - DATE AND TIME OF LATEST TRANSACTION | |
| control field | 20140310184242.0 |
| 008 - FIXED-LENGTH DATA ELEMENTS--GENERAL INFORMATION | |
| fixed length control field | 011228s2001 nyua b 001 0 eng |
| 010 ## - LIBRARY OF CONGRESS CONTROL NUMBER | |
| LC control number | 2001281498 |
| 020 ## - INTERNATIONAL STANDARD BOOK NUMBER | |
| International Standard Book Number | 0439304709 |
| 040 ## - CATALOGING SOURCE | |
| Original cataloging agency | DLC |
| Transcribing agency | DLC |
| 042 ## - AUTHENTICATION CODE | |
| Authentication code | pcc |
| -- | lcac |
| 050 00 - LIBRARY OF CONGRESS CALL NUMBER | |
| Classification number | QP 143 |
| Item number | .Sw936 2001 |
| 100 1# - MAIN ENTRY--PERSONAL NAME | |
| Personal name | Swanson, Diane. |
| 9 (RLIN) | 25868 |
| 245 10 - TITLE STATEMENT | |
| Title | Burp! : |
| Remainder of title | the most interesting book you'll ever read about eating / |
| Statement of responsibility, etc | written by Diane Swanson ; illustrated by Rose Cowles. |
| 260 ## - PUBLICATION, DISTRIBUTION, ETC. (IMPRINT) | |
| Place of publication, distribution, etc | New York : |
| Name of publisher, distributor, etc | Scholastic, |
| Date of publication, distribution, etc | c2001. |
| 300 ## - PHYSICAL DESCRIPTION | |
| Extent | 40 p. : |
| Other physical details | col. ill. ; |
| Dimensions | 23 cm. |
| 440 #0 - SERIES STATEMENT/ADDED ENTRY--TITLE | |
| Title | Mysterious you |
| 9 (RLIN) | 25869 |
| 500 ## - GENERAL NOTE | |
| General note | Includes index. |
| 521 ## - TARGET AUDIENCE NOTE | |
| Target audience note | |
| 526 ## - STUDY PROGRAM INFORMATION NOTE | |
| Reading level | 1050 |
| 541 ## - IMMEDIATE SOURCE OF ACQUISITION NOTE | |
| -- | 1 |
| 562 ## - COPY AND VERSION IDENTIFICATION NOTE | |
| Number of copies | 1 |
| 650 #0 - SUBJECT ADDED ENTRY--TOPICAL TERM | |
| Topical term or geographic name as entry element | Nutrition |
| Form subdivision | Juvenile literature. |
| 9 (RLIN) | 29169 |
| 650 #0 - SUBJECT ADDED ENTRY--TOPICAL TERM | |
| Topical term or geographic name as entry element | Digestion |
| Form subdivision | Juvenile literature. |
| 9 (RLIN) | 29170 |
| 650 #1 - SUBJECT ADDED ENTRY--TOPICAL TERM | |
| Topical term or geographic name as entry element | Nutrition. |
| 9 (RLIN) | 8394 |
| 650 #1 - SUBJECT ADDED ENTRY--TOPICAL TERM | |
| Topical term or geographic name as entry element | Digestion. |
| 9 (RLIN) | 25872 |
| 700 1# - ADDED ENTRY--PERSONAL NAME | |
| Personal name | Cowles, Rose, |
| Relator term | ill. |
| 9 (RLIN) | 29171 |
| 906 ## - LOCAL DATA ELEMENT F, LDF (RLIN) | |
| a | 7 |
| b | cbc |
| c | orignew |
| d | 3 |
| e | ncip |
| f | 20 |
| g | y-gencatlg |
| 942 ## - ADDED ENTRY ELEMENTS (KOHA) | |
| Source of classification or shelving scheme | Library of Congress Classification |
| Koha item type | |
| Call number prefix | |
| Withdrawn status | Lost status | Source of classification or shelving scheme | Damaged status | Home library | Current library | Shelving location | Date acquired | Total Checkouts | Full call number | Barcode | Date last seen | Date checked out | Copy number | Price effective from | Koha item type |
|---|---|---|---|---|---|---|---|---|---|---|---|---|---|---|---|
| Library of Congress Classification | Luxembourg Library | Luxembourg Library | Scholastic Reading Center Section | 04/11/2012 | 1 | QP 143 .Sw936 2001 | SCHO0240 | 12/06/2017 | 12/05/2017 | 1 | 01/30/2014 | Books |